000 00458nam a22001817a 4500
003 MPLRDC
005 20220104113708.0
008 210129b ||||| |||| 00| 0 eng d
020 _a1511-6972(ISSN)
082 _a947.413 QSGC v.13
100 _a青山刚昌
245 _a名侦探柯南. 13
_c
250 _a初版一刷
260 _a马来西亚
_bPENERBIT TORA AMAN
_c2004
300 _b182
650 _a侦探漫画
942 _cBK
_o947.413 QSGC v.13
999 _c1633
_d1623